Which Countries? World War 2 Edition - Statistics

General Stats
  • This quiz has been taken 22 times
  • The average score is 58 of 72
Answer Stats
Question Tile Select % Correct
Countries that were neutral throughout the entire war China No
100%
Countries that were in the Top 5 for most casualties from the war Germany Yes
100%
Countries that were neutral throughout the entire war Italy No
100%
Countries that were successfully invaded and occupied by Nazi Germany Mexico No
100%
Countries that were in the Top 5 for most casualties from the war Poland Yes
100%
Countries that were successfully invaded and occupied by Nazi Germany Spain No
100%
Countries that were neutral throughout the entire war Switzerland Yes
100%
Countries that were successfully invaded and occupied by Nazi Germany United Kingdom No
100%
Countries that were neutral throughout the entire war Greece No
95%
Countries that fought for the British Empire Ireland No
95%
Countries that were successfully invaded and occupied by Nazi Germany Luxembourg Yes
95%
Countries that were successfully invaded and occupied by Nazi Germany Netherlands Yes
95%
Countries that were neutral throughout the entire war New Zealand No
95%
Countries that fought for the British Empire New Zealand Yes
95%
Countries that were successfully invaded and occupied by Nazi Germany Norway Yes
95%
Countries that fought for the British Empire Romania No
95%
Countries that were in the Top 5 for most casualties from the war Soviet Union Yes
95%
Countries that were neutral throughout the entire war Sweden Yes
95%
Countries that were successfully invaded and occupied by Imperial Japan Afghanistan No
89%
Countries that fought for the British Empire Australia Yes
89%
Countries that were neutral throughout the entire war Egypt No
89%
Countries that were successfully invaded and occupied by Imperial Japan French Indochina Yes
89%
Countries that were in the Top 5 for most casualties from the war Hungary No
89%
Countries that fought for the British Empire India Yes
89%
Countries that were neutral throughout the entire war Ireland Yes
89%
Axis Countries and their co-belligerents Italy Yes
89%
Axis Countries and their co-belligerents Kenya No
89%
Countries that were successfully invaded and occupied by Imperial Japan Malaysia Yes
89%
Countries that were successfully invaded and occupied by Imperial Japan New Zealand No
89%
Countries that were successfully invaded and occupied by Imperial Japan Panama No
89%
Countries that were successfully invaded and occupied by Imperial Japan Singapore Yes
89%
Countries that were successfully invaded and occupied by Imperial Japan Soviet Union No
89%
Countries that were successfully invaded and occupied by Nazi Germany Turkey No
89%
Countries that fought for both the allies and axis at different points of the war Uruguay No
89%
Axis Countries and their co-belligerents Bulgaria Yes
84%
Countries that fought for the British Empire Canada Yes
84%
Countries that were in the Top 5 for most casualties from the war China Yes
84%
Countries that were in the Top 5 for most casualties from the war Czechoslovakia No
84%
Countries that were in the Top 5 for most casualties from the war French Indochina No
84%
Countries that were successfully invaded and occupied by Nazi Germany Malta No
84%
Countries that fought for both the allies and axis at different points of the war Paraguay No
84%
Countries that fought for both the allies and axis at different points of the war Peru No
84%
Countries that were neutral throughout the entire war Portugal Yes
84%
Countries that fought for the British Empire South Africa Yes
84%
Countries that were successfully invaded and occupied by Nazi Germany Yugoslavia Yes
84%
Axis Countries and their co-belligerents Algeria No
79%
Axis Countries and their co-belligerents Burma No
79%
Countries that were successfully invaded and occupied by Imperial Japan Hong Kong Yes
79%
Axis Countries and their co-belligerents Hungary Yes
79%
Countries that were successfully invaded and occupied by Imperial Japan Nepal No
79%
Countries that were in the Top 5 for most casualties from the war Philippines No
79%
Countries that fought for both the allies and axis at different points of the war Brazil No
74%
Countries that fought for both the allies and axis at different points of the war Bulgaria Yes
74%
Countries that fought for both the allies and axis at different points of the war Italy Yes
74%
Countries that used dogs strapped with bombs as an anti-tank method Soviet Union Yes
74%
Countries that used dogs strapped with bombs as an anti-tank method United Kingdom No
74%
Countries that used dogs strapped with bombs as an anti-tank method United States of America No
74%
Countries that used dogs strapped with bombs as an anti-tank method Italy No
68%
Countries that fought for the British Empire United States of America No
68%
Countries that fought for both the allies and axis at different points of the war Denmark No
63%
Countries that fought for both the allies and axis at different points of the war Romania Yes
63%
Axis Countries and their co-belligerents Finland Yes
58%
Countries that used dogs strapped with bombs as an anti-tank method France No
58%
Countries that used dogs strapped with bombs as an anti-tank method Germany No
58%
Countries that used dogs strapped with bombs as an anti-tank method Poland No
58%
Countries that used dogs strapped with bombs as an anti-tank method China No
53%
Countries that fought for both the allies and axis at different points of the war Finland Yes
53%
Countries that used dogs strapped with bombs as an anti-tank method Japan No
47%
Axis Countries and their co-belligerents Thailand Yes
47%
Countries that fought for the British Empire Sudan Yes
21%
Countries that were in the Top 5 for most casualties from the war Dutch East Indies Yes
11%
Axis Countries and their co-belligerents Iraq Yes
5%
No matching quizzes found
Score Distribution
Percent of People with Each Score
Percentile by Number Answered
Your Score History
You have not taken this quiz